Konkurencieschopnosť vybranej cestovnej kancelárie na trhu bakalárska práca

Uložené v:
Podrobná bibliografia
Hlavný autor: Blazseková, Alexandra
Korporativný autor: Obchodná fakulta EU. Katedra služieb a cestovného ruchu - zrušené
Ďalší autori: Bažó, Ladislav, 1980-
Médium: Kniha
Jazyk:Slovak
Vydavateľské údaje: Bratislava 2018
Tagy: Pridať tag
Žiadne tagy, Buďte prvý, kto otaguje tento záznam!

MARC

LEADER 00000nbm a2200000 4500
001 0245045
005 20180906132745.5
041 0 |a slo 
044 |a SK 
245 1 0 |a Konkurencieschopnosť vybranej cestovnej kancelárie na trhu  |b bakalárska práca  |c Alexandra Blazseková ; školiteľ: Ladislav Bažó 
264 1 |a Bratislava  |c 2018 
300 |a 49 s. 
100 1 |a Blazseková, Alexandra 
700 1 |a Bažó, Ladislav, 1980- 
710 2 |a Obchodná fakulta EU. Katedra služieb a cestovného ruchu - zrušené